[Event "Lleida-ch U18 prel"]
[Site "Balaguer"]
[Date "2017.02.04"]
[Round "4.1"]
[White "Sole Gonzalez, Edgar"]
[Black "Villalonga Goma, Ramon Maria"]
[Result "1-0"]
[WhiteElo "2091"]
[BlackElo "1712"]
[PlyCount "71"]
[EventDate "2017.01.14"]
[EventType "swiss"]
[EventRounds "6"]
[EventCountry "ESP"]
[SourceTitle "EXT 2024"]
[Source "ChessBase"]
[SourceDate "2023.10.10"]
[SourceVersion "1"]
[SourceVersionDate "2023.10.10"]
[SourceQuality "1"]

1. d4 d5 2. c4 Nf6 3. Nc3 g6 4. Bg5 e6 5. Bxf6 Qxf6 6. cxd5 Bb4 7. Qa4+ c6 8. Qxb4 cxd5 9. Nb5 Qd8 10. Nd6+ Kf8 11. Nxc8+ Kg7 12. Rc1 Qd7 13. Qd6 Rxc8 14. Qxd7 Nxd7 15. Rxc8 Rxc8 16. Kd2 e5 17. Nf3 e4 18. Ng5 h6 19. Nh3 Kf6 20. e3 Kf5 21. Be2 Nf6 22. f3 g5 23. Nf2 h5 24. Rf1 Ke6 25. fxe4 dxe4 26. Nd1 g4 27. Nc3 Nd5 28. Nxe4 f5 29. Nc3 Rd8 30. Nxd5 Rxd5 31. Bc4 Kd6 32. Bxd5 Kxd5 33. Rxf5+ Kc4 34. Kc2 b5 35. a3 a5 36. b3# 1-0

[Event "Lleida-ch U18 prel"]
[Site "Balaguer"]
[Date "2017.01.21"]
[Round "2.2"]
[White "Villalonga Goma, Ramon Maria"]
[Black "Cosialls Ris, Ramon"]
[Result "0-1"]
[WhiteElo "1712"]
[BlackElo "1993"]
[PlyCount "50"]
[EventDate "2017.01.14"]
[EventType "swiss"]
[EventRounds "6"]
[EventCountry "ESP"]
[SourceTitle "EXT 2024"]
[Source "ChessBase"]
[SourceDate "2023.10.10"]
[SourceVersion "1"]
[SourceVersionDate "2023.10.10"]
[SourceQuality "1"]

1. e4 c5 2. Nf3 e6 3. Bc4 Nc6 4. Nc3 a6 5. a3 b5 6. Ba2 Qc7 7. d3 Nf6 8. 0-0 Be7 9. g3 0-0 10. Bf4 d6 11. Re1 Bb7 12. Qe2 Nd4 13. Nxd4 cxd4 14. Nb1 Rac8 15. c3 e5 16. Bd2 Kh8 17. cxd4 exd4 18. Rc1 Qd7 19. Rxc8 Qxc8 20. e5 Qc6 21. f4 Qh1+ 22. Kf2 Ng4+ 23. Qxg4 Qg2+ 24. Ke1 Bf3 25. Qxf3 Qxf3 0-1